000
00253nam a2200109Ia 4500
008
220216s9999 xx 000 0 und d
100
_a
Buist J M
245
0
_a
Rubber bonding
260
_b
IRI Transactions
_c
1950
700
_a
Naunton W J S
942
_c
JS
999
_c
67496
_d
67496